00817cam a2200229 a 450000100090000000300090000900500170001800800410003501000170007602000350009304000280012804100130015605000230016908200220019210000170021424000250023124501350025626000890039130000220048050400540050265000310055612402402BDDh-ASL20231015030502.0010508s2002 mau b 000 0 eng  a 2001026516 a1578632013 (pbk. : alk. paper) aDLCcDLCdDLCdBDDh-ASL1 aenghsan00aB132.Y6bP263 200200a181.452221bPAY 0 aPatañjali.10aYogasūtra. English10aYoga Sutras of Patanjali, Vol.- 2 :bwith the Exposition of Vyasa, A Translation and Commentary / cinterpreted by Mukunda Stiles. aBoston, MA :aDelhi:bWeiser Books,bMotilal Banarsidass Publishers, c2002.c2001.  a860 p. : c25 cm. aIncludes bibliographical references (p. 122-124). 0aYogavEarly works to 1800.